[Event "Wch Blitz (Women)"]
[Site "Samarkand"]
[Date "2023.12.29"]
[Round "9"]
[White "Balajayeva, Khanim Asad Qizi"]
[Black "Nurgali, Nazerke"]
[Result "0-1"]
[WhiteElo "2350"]
[BlackElo "2250"]
[PlyCount "120"]
[EventDate "2023.12.29"]
[EventType "swiss (blitz)"]
[EventRounds "17"]
[EventCountry "UZB"]
[SourceTitle "CB01_2024"]
[SourceDate "2024.01.03"]
[SourceVersion "1"]
[SourceVersionDate "2024.01.03"]
[SourceQuality "1"]

1. e4 c5 2. Nf3 e6 3. d4 cxd4 4. Nxd4 Nf6 5. Nc3 Nc6 6. Nxc6 bxc6 7. Bd3 d5 8. 0-0 Be7 9. Re1 d4 10. Ne2 e5 11. Ng3 0-0 12. h3 c5 13. c4 dxc3 14. bxc3 Qc7 15. Qf3 c4 16. Bc2 Be6 17. Nf5 Bxf5 18. Qxf5 h6 19. Be3 Bc5 20. Bxh6 Qb6 21. Be3 Bxe3 22. Rxe3 Qb2 23. Rae1 Qxc2 24. Rg3 Ne8 25. Qxe5 Qxa2 26. Ree3 Rd8 27. Rg4 Rd1+ 28. Kh2 Qxf2 29. Rf3 Qg1+ 30. Kg3 Rd2 31. Kh4 Rxg2 32. Rfg3 Rxg3 33. Rxg3 Qf2 34. Qa5 Qf6+ 35. Rg5 Qh6+ 36. Kg3 Qd6+ 37. Kg2 Qd2+ 38. Kg3 Qe3+ 39. Kh2 Qxe4 40. Rg4 Qe2+ 41. Kg1 Nf6 42. Rg2 Qe3+ 43. Kh1 Qf3 44. Qg5 Qd1+ 45. Kh2 Qd6+ 46. Kh1 Ne8 47. h4 Qf6 48. Qg3 a5 49. Rf2 Qc6+ 50. Kh2 Qd6 51. Rf4 a4 52. Qf2 a3 53. Kg3 Qg6+ 54. Kh3 Qd3+ 55. Rf3 Qd7+ 56. Kh2 Qa4 57. h5 a2 58. h6 a1Q 59. hxg7 Nxg7 60. Rg3 Q1a2 0-1

[Event "Wch Blitz (Women)"]
[Site "Samarkand"]
[Date "2023.12.29"]
[Round "8"]
[White "Shohradova, Leyla"]
[Black "Balajayeva, Khanim Asad Qizi"]
[Result "1-0"]
[WhiteElo "1948"]
[BlackElo "2350"]
[PlyCount "77"]
[EventDate "2023.12.29"]
[EventType "swiss (blitz)"]
[EventRounds "17"]
[EventCountry "UZB"]
[SourceTitle "CB01_2024"]
[SourceDate "2024.01.03"]
[SourceVersion "1"]
[SourceVersionDate "2024.01.03"]
[SourceQuality "1"]

1. d4 Nf6 2. c4 e6 3. Nf3 d5 4. g3 Be7 5. Bg2 0-0 6. 0-0 dxc4 7. a4 a6 8. Qc2 Bd7 9. Qxc4 Bc6 10. Bg5 Nbd7 11. Nc3 a5 12. Qd3 h6 13. Bxf6 Nxf6 14. e4 Bb4 15. Ne5 Be8 16. Rfd1 Nd7 17. Nc4 Qe7 18. e5 Rb8 19. Nb5 Nb6 20. Nxb6 cxb6 21. Rac1 Bd7 22. Rc2 Rbd8 23. Rdc1 Bxb5 24. Qxb5 Rxd4 25. Qxb6 Rfd8 26. Bf1 Qg5 27. Qb5 Kh7 28. Rc7 R8d5 29. Qe8 Rxe5 30. Qxf7 Bc5 31. Rc8 Rf5 32. Qg8+ Kg6 33. Qxe6+ Rf6 34. Qe8+ Kh7 35. R8xc5 Qd2 36. Qe3 Qxb2 37. Bd3+ Kg8 38. Rc8+ Rf8 39. Qe6+ 1-0

[Event "Wch Rapid (Women)"]
[Site "Samarkand"]
[Date "2023.12.28"]
[Round "11"]
[White "Arabidze, Meri"]
[Black "Balajayeva, Khanim Asad Qizi"]
[Result "1/2-1/2"]
[WhiteElo "2462"]
[BlackElo "2350"]
[PlyCount "52"]
[EventDate "2023.12.26"]
[EventType "swiss (rapid)"]
[EventRounds "11"]
[EventCountry "UZB"]
[SourceTitle "CB01_2024"]
[SourceDate "2024.01.03"]
[SourceVersion "1"]
[SourceVersionDate "2024.01.03"]
[SourceQuality "1"]

1. d4 Nf6 2. c4 e6 3. Nc3 Bb4 4. f3 0-0 5. a3 Bxc3+ 6. bxc3 Ne8 7. e4 b6 8. Bd3 c5 9. Ne2 Ba6 10. d5 Nd6 11. Ng3 Nxc4 12. 0-0 d6 13. f4 b5 14. Qg4 Bc8 15. Qf3 exd5 16. exd5 f5 17. a4 Qf6 18. axb5 Qxc3 19. Ra4 Nb6 20. Ra3 Qf6 21. Kh1 a6 22. Qe2 Qf7 23. Bb2 Re8 24. Qc2 Rf8 25. Qe2 Re8 26. Qc2 Rf8 1/2-1/2

[Event "Wch Rapid (Women)"]
[Site "Samarkand"]
[Date "2023.12.27"]
[Round "6"]
[White "Salimova, Nurgyul"]
[Black "Balajayeva, Khanim Asad Qizi"]
[Result "1-0"]
[WhiteElo "2426"]
[BlackElo "2350"]
[PlyCount "117"]
[EventDate "2023.12.26"]
[EventType "swiss (rapid)"]
[EventRounds "11"]
[EventCountry "UZB"]
[SourceTitle "CB01_2024"]
[SourceDate "2024.01.03"]
[SourceVersion "1"]
[SourceVersionDate "2024.01.03"]
[SourceQuality "1"]

1. d4 Nf6 2. Nf3 d5 3. c4 e6 4. g3 Be7 5. Bg2 0-0 6. 0-0 dxc4 7. Qc2 a6 8. a4 Bd7 9. Bg5 Bc6 10. Rd1 b5 11. Bxf6 Bxf6 12. Nc3 Qe8 13. e4 g6 14. h4 Bg7 15. h5 Nd7 16. axb5 axb5 17. Rxa8 Qxa8 18. d5 exd5 19. exd5 Bb7 20. Nxb5 Qa5 21. Qxc4 Ba6 22. Bf1 Rb8 23. Qxc7 Qa4 24. Rd4 Qa1 25. Kg2 Rxb5 26. Bxb5 Bxb5 27. Qc8+ Nf8 28. Rd2 Qf1+ 29. Kh2 Bd7 30. Qc2 Bg4 31. Qd3 Qh3+ 32. Kg1 Qxh5 33. Ne1 Nd7 34. d6 Bf8 35. Qe3 Ne5 36. d7 Nxd7 37. Qe4 Be6 38. b4 Qb5 39. Nd3 Bf5 40. Qd4 Bg7 41. Qe3 Nf6 42. Nc5 h5 43. Qf4 Ng4 44. Ne4 Bh6 45. Rd8+ Kg7 46. Nd6 Qb6 47. Nxf5+ gxf5 48. Qd4+ Qxd4 49. Rxd4 Kf6 50. b5 Bf8 51. b6 Bc5 52. b7 Ba7 53. Ra4 Bb8 54. Ra8 Be5 55. f4 Bc7 56. Rc8 Bb6+ 57. Kg2 Ne3+ 58. Kf3 Ba7 59. Ra8 1-0

[Event "Wch Rapid (Women)"]
[Site "Samarkand"]
[Date "2023.12.26"]
[Round "2"]
[White "Balajayeva, Khanim Asad Qizi"]
[Black "Ushenina, Anna"]
[Result "1/2-1/2"]
[WhiteElo "2350"]
[BlackElo "2415"]
[PlyCount "57"]
[EventDate "2023.12.26"]
[EventType "swiss (rapid)"]
[EventRounds "11"]
[EventCountry "UZB"]
[SourceTitle "CB01_2024"]
[SourceDate "2024.01.03"]
[SourceVersion "1"]
[SourceVersionDate "2024.01.03"]
[SourceQuality "1"]

1. e4 e5 2. Nf3 Nc6 3. Bb5 a6 4. Ba4 Be7 5. Nc3 b5 6. Bb3 Nf6 7. a4 b4 8. Nd5 Na5 9. Nxe7 Qxe7 10. Ba2 d6 11. d3 Be6 12. Bxe6 fxe6 13. 0-0 0-0 14. b3 c5 15. h3 Nc6 16. Qe2 Qe8 17. Be3 Ra7 18. Nh2 Nh5 19. g3 a5 20. Kg2 Nd4 21. Bxd4 cxd4 22. Ng4 Rc7 23. Rac1 Nf6 24. Nxf6+ Rxf6 25. f4 Rcf7 26. fxe5 dxe5 27. Rxf6 Rxf6 28. Rf1 Rxf1 29. Kxf1 1/2-1/2

[Event "EU-chT (Women) 24th"]
[Site "Budva"]
[Date "2023.11.18"]
[Round "7.4"]
[White "Balajayeva, Khanim Asad Qizi"]
[Black "Toma, Katarzyna"]
[Result "1-0"]
[WhiteElo "2328"]
[BlackElo "2193"]
[PlyCount "85"]
[EventDate "2023.11.11"]
[EventType "team-swiss"]
[EventRounds "9"]
[EventCountry "MNE"]
[SourceTitle "CB47_2023"]
[SourceDate "2023.11.22"]
[SourceVersion "1"]
[SourceVersionDate "2023.11.22"]
[SourceQuality "1"]
[WhiteTeam "Azerbaijan (W)"]
[BlackTeam "England (W)"]
[WhiteTeamCountry "AZE"]
[BlackTeamCountry "ENG"]

1. e4 c5 2. Nf3 e6 3. d4 cxd4 4. Nxd4 Nc6 5. Nc3 Qc7 6. Be3 a6 7. Qf3 Nf6 8. 0-0-0 Ne5 9. Qg3 b5 10. f4 Neg4 11. Bg1 h5 12. e5 b4 13. Na4 Nd5 14. h3 Nh6 15. f5 Be7 16. Kb1 0-0 17. Bd3 exf5 18. Nxf5 Nxf5 19. Bxf5 Bb7 20. Bd4 Bc6 21. Nc5 Bxc5 22. Bxc5 Rfe8 23. Bd4 Ne7 24. Bd3 Bb5 25. Rhf1 Bxd3 26. Rxd3 Rac8 27. Qf2 Rf8 28. Rf3 Qc4 29. b3 Qd5 30. Bb2 Ng6 31. Rf5 h4 32. g3 hxg3 33. Qxg3 Qe4 34. Qf2 Qd5 35. h4 Rc6 36. Rg5 Qe6 37. Qg3 Rfc8 38. h5 Rxc2 39. hxg6 Qd5 40. Qf3 Rxb2+ 41. Kxb2 Qd2+ 42. Kb1 f6 43. Rg2 1-0

[Event "Qatar Masters op"]
[Site "Doha"]
[Date "2023.10.18"]
[Round "7"]
[White "Mohammad, Nubairshah Shaikh"]
[Black "Balajayeva, Khanim Asad Qizi"]
[Result "1/2-1/2"]
[WhiteElo "2432"]
[BlackElo "2340"]
[PlyCount "84"]
[EventDate "2023.10.11"]
[EventType "swiss"]
[EventRounds "9"]
[EventCountry "QAT"]
[SourceTitle "Mega2024 Update 01"]
[Source "Chessbase"]
[SourceDate "2023.11.12"]
[SourceVersion "1"]
[SourceVersionDate "2023.11.12"]
[SourceQuality "1"]

1. Nf3 Nf6 2. c4 e6 3. g3 d5 4. Bg2 Be7 5. 0-0 0-0 6. d4 dxc4 7. Qc2 a6 8. a4 Bd7 9. Qxc4 Bc6 10. Bg5 Nbd7 11. Nc3 a5 12. Rfd1 h6 13. Bxf6 Nxf6 14. Qb3 Rb8 15. Rac1 Bb4 16. h4 Qe7 17. Ne5 Bxg2 18. Kxg2 c6 19. Nd3 Bd6 20. e4 e5 21. d5 cxd5 22. Nxd5 Nxd5 23. Qxd5 b6 24. Rc6 Rfd8 25. Qb5 Bc5 26. Rc1 Bd4 27. Rc7 Qe8 28. R1c6 Rd7 29. Rxd7 Qxd7 30. Rxb6 Qxb5 31. Rxb5 Rxb5 32. axb5 Kf8 33. b6 Bxb6 34. Nxe5 Bd4 35. Nc6 Bb6 36. Ne5 Bd4 37. Nc6 Bb6 38. f4 Ke8 39. Ne5 Bd4 40. Nc6 Bb6 41. Ne5 Bd4 42. Nc6 Bb6 1/2-1/2

[Event "Qatar Masters op"]
[Site "Doha"]
[Date "2023.10.12"]
[Round "2"]
[White "Seemann, Jakub"]
[Black "Balajayeva, Khanim Asad Qizi"]
[Result "0-1"]
[WhiteElo "2431"]
[BlackElo "2340"]
[PlyCount "74"]
[EventDate "2023.10.11"]
[EventType "swiss"]
[EventRounds "9"]
[EventCountry "QAT"]
[SourceTitle "Mega2024 Update 01"]
[Source "Chessbase"]
[SourceDate "2023.11.12"]
[SourceVersion "1"]
[SourceVersionDate "2023.11.12"]
[SourceQuality "1"]

1. e4 e5 2. Nf3 Nc6 3. Bc4 Nf6 4. d3 Bc5 5. Nc3 h6 6. h3 d6 7. Na4 a6 8. Nxc5 dxc5 9. a4 Qe7 10. Be3 b6 11. Nd2 Be6 12. Bxe6 Qxe6 13. 0-0 a5 14. f4 exf4 15. Bxf4 0-0-0 16. Qe1 Nd4 17. Rc1 Rhe8 18. Qf2 Qa2 19. b3 Nxc2 20. Bxc7 Kxc7 21. Qg3+ Kb7 22. Qxg7 Nd4 23. Rf2 Nd7 24. Nc4 Qxb3 25. Rxf7 Ne2+ 26. Kh2 Qxd3 27. Qg6 Kb8 28. Rxd7 Qxd7 29. Rb1 Re6 30. Rxb6+ Rxb6 31. Qxb6+ Kc8 32. e5 Qc7 33. Qa6+ Kb8 34. Qxh6 Nd4 35. Qa6 Rg8 36. g4 Re8 37. Qf6 Nc6 0-1

[Event "FIDE World Cup (Women)"]
[Site "Baku"]
[Date "2023.07.31"]
[Round "1.2"]
[White "Gong, Qianyun"]
[Black "Balajayeva, Khanim Asad Qizi"]
[Result "1-0"]
[WhiteElo "2223"]
[BlackElo "2368"]
[PlyCount "109"]
[EventDate "2023.07.30"]
[EventType "k.o."]
[EventRounds "7"]
[EventCountry "AZE"]
[SourceTitle "EXT 2024"]
[Source "ChessBase"]
[SourceDate "2023.10.10"]
[SourceVersion "1"]
[SourceVersionDate "2023.10.10"]
[SourceQuality "1"]

1. e4 e5 2. Nf3 Nc6 3. Bc4 Nf6 4. d3 Bc5 5. Bg5 h6 6. Bh4 d6 7. c3 a5 8. a4 Ba7 9. 0-0 g5 10. Bg3 0-0 11. Re1 Nh7 12. Nbd2 h5 13. h4 g4 14. Nh2 Ne7 15. Ndf1 Ng6 16. Qd2 Kg7 17. d4 Nxh4 18. Ne3 Qg5 19. Rad1 Ng6 20. Nf5+ Bxf5 21. Qxg5 Nxg5 22. exf5 Ne7 23. f6+ Kxf6 24. dxe5+ dxe5 25. Bxe5+ Kg6 26. Bxc7 Nf5 27. Bd3 Ne6 28. Bd6 Rfd8 29. Nf1 Kf6 30. Be5+ Kg5 31. Ng3 Nxg3 32. Bxg3 Bb8 33. Bxb8 Rdxb8 34. Re5+ Kh6 35. Bc4 Re8 36. Rd6 Kg7 37. Bxe6 fxe6 38. Rexe6 Rxe6 39. Rxe6 Rc8 40. Re7+ Kg6 41. Rxb7 Rc4 42. Rb6+ Kg7 43. Rb5 Rxa4 44. Rxh5 Kf6 45. Kh2 Ra1 46. Kg3 a4 47. Ra5 Ra2 48. Rb5 a3 49. bxa3 Rxa3 50. Kxg4 Rxc3 51. Rb6+ Kg7 52. f4 Rc2 53. g3 Rc3 54. Kh4 Rf3 55. Rb4 1-0

[Event "Baku op"]
[Site "Baku"]
[Date "2023.05.04"]
[Round "1"]
[White "Balajayeva, Khanim Asad Qizi"]
[Black "Kovalev, Vladislav"]
[Result "1-0"]
[WhiteElo "2327"]
[BlackElo "2612"]
[PlyCount "85"]
[EventDate "2023.05.04"]
[EventType "swiss"]
[EventRounds "9"]
[EventCountry "AZE"]
[SourceTitle "CBM 214 Extra"]
[Source "ChessBase"]
[SourceDate "2023.07.31"]
[SourceVersion "1"]
[SourceVersionDate "2023.07.31"]
[SourceQuality "1"]

1. e4 e5 2. Nf3 Nc6 3. Bb5 a6 4. Ba4 Nf6 5. 0-0 Be7 6. Re1 b5 7. Bb3 d6 8. c3 0-0 9. d4 Bg4 10. Be3 exd4 11. cxd4 Na5 12. Bc2 Nc4 13. Bc1 c5 14. b3 Na5 15. d5 Nd7 16. Nbd2 Bf6 17. Rb1 Bc3 18. Re3 b4 19. h3 Bh5 20. g4 Bg6 21. Nf1 c4 22. Ng3 Re8 23. Kg2 Nb7 24. bxc4 Na5 25. h4 h6 26. h5 Bh7 27. g5 Nxc4 28. Re2 Nde5 29. Nxe5 Nxe5 30. gxh6 gxh6 31. Ba4 Qf6 32. f4 Ng4 33. Bxe8 Rxe8 34. Kh3 Qg7 35. Rg2 Nf6 36. Nf5 Qxg2+ 37. Kxg2 Rxe4 38. Nxh6+ Kg7 39. f5 Re1 40. Qf3 Be5 41. Ng4 Nxg4 42. Qxg4+ Kh8 43. Rxb4 1-0

[Event "Wch Blitz (Women)"]
[Site "Almaty"]
[Date "2022.12.29"]
[Round "9"]
[White "Balajayeva, Khanim Asad Qizi"]
[Black "Kurmangaliyeva, Liya"]
[Result "0-1"]
[WhiteElo "2284"]
[BlackElo "2081"]
[PlyCount "98"]
[EventDate "2022.12.29"]
[EventType "swiss (blitz)"]
[EventRounds "17"]
[EventCountry "KAZ"]
[SourceTitle "CBM 211 Extra"]
[Source "ChessBase"]
[SourceDate "2023.01.31"]
[SourceVersion "1"]
[SourceVersionDate "2023.01.31"]
[SourceQuality "1"]

1. e4 c5 2. c3 Nf6 3. e5 Nd5 4. Nf3 Nc6 5. Bc4 Nb6 6. Bb3 d5 7. exd6 Qxd6 8. 0-0 Be6 9. Na3 Bxb3 10. axb3 e6 11. d4 cxd4 12. Nb5 Qb8 13. Nfxd4 Be7 14. Nxc6 bxc6 15. Nd4 Qb7 16. Qf3 Nd5 17. c4 Nb4 18. Bd2 Rd8 19. Bxb4 Rxd4 20. Bc3 Rd7 21. Bxg7 Rg8 22. Be5 Rg5 23. Bg3 Rf5 24. Qg4 Rg5 25. Qe4 h5 26. Rad1 c5 27. Qe3 h4 28. Rxd7 Kxd7 29. f4 Rg8 30. Qd2+ Ke8 31. Be1 h3 32. g3 Bf6 33. Rf2 Bd4 34. Kf1 Qh1+ 35. Ke2 Qe4+ 36. Kf1 Qh1+ 37. Ke2 Bxf2 38. Bxf2 Qe4+ 39. Kf1 Qg2+ 40. Ke2 Qxh2 41. Qd6 Rxg3 42. Qc6+ Kf8 43. Qxc5+ Kg8 44. Ke1 Qh1+ 45. Ke2 Qf3+ 46. Ke1 Qe4+ 47. Kd2 Rg2 48. Kc1 Qxf4+ 49. Be3 Qf1# 0-1

[Event "Wch Rapid (Women)"]
[Site "Almaty"]
[Date "2022.12.28"]
[Round "11"]
[White "Stefanova, Antoaneta"]
[Black "Balajayeva, Khanim Asad Qizi"]
[Result "1-0"]
[WhiteElo "2399"]
[BlackElo "2284"]
[PlyCount "183"]
[EventDate "2022.12.26"]
[EventType "swiss (rapid)"]
[EventRounds "11"]
[EventCountry "KAZ"]
[SourceTitle "CBM 211 Extra"]
[Source "ChessBase"]
[SourceDate "2023.01.31"]
[SourceVersion "1"]
[SourceVersionDate "2023.01.31"]
[SourceQuality "1"]

1. d4 Nf6 2. Nf3 e6 3. e3 b6 4. Bd3 Bb7 5. 0-0 Be7 6. c4 0-0 7. Nc3 d5 8. cxd5 exd5 9. b3 c5 10. Bb2 Nc6 11. Rc1 cxd4 12. exd4 Re8 13. a3 Bd6 14. b4 a6 15. Na4 b5 16. Nc5 Bc8 17. h3 Nh5 18. Re1 Rxe1+ 19. Qxe1 Nf4 20. Bf1 Ne7 21. Ne5 Neg6 22. Rc3 h5 23. Rf3 Qg5 24. Bc1 Bxh3 25. Nxg6 Bxg2 26. Rg3 Qf6 27. Nxf4 Bxf1 28. Nxh5 Qh4 29. Qxf1 Qxh5 30. Rg2 Re8 31. Be3 g6 32. Nd3 Re4 33. Qc1 Rh4 34. Kf1 Qf3 35. Rg1 Bh2 36. Ne1 Qh3+ 37. Rg2 Bd6 38. Qc6 Qe6 39. Ke2 Rxd4 40. Qxa6 Rc4 41. Kf1 d4 42. Bd2 Qd5 43. Qa7 Rc8 44. Qd7 Ra8 45. Qh3 Re8 46. Qd3 Be5 47. Nf3 Bg7 48. Rg5 Qd7 49. Kg2 Rb8 50. Qe4 Rd8 51. Qd3 Rb8 52. Bf4 Rb6 53. Bg3 Bf6 54. Rc5 Rb7 55. Qe4 Rb6 56. Rd5 Qa7 57. Nxd4 Qxa3 58. Nf3 Re6 59. Qf4 Qa6 60. Rd6 Rxd6 61. Qxd6 Qa1 62. Qd5 Qa4 63. Qd6 Bg7 64. Bh4 Qa8 65. Qd8+ Qxd8 66. Bxd8 Bf8 67. Ba5 Bg7 68. Nd2 f5 69. Nb3 Kf7 70. Bb6 Bc3 71. Bc5 Ke6 72. Nd4+ Kd5 73. Nxb5 Be5 74. Kf3 g5 75. Ke2 g4 76. Kd3 g3 77. fxg3 Bxg3 78. Nc3+ Kc6 79. Kc4 f4 80. b5+ Kd7 81. Ne4 Be1 82. Bf2 Ba5 83. Kd5 f3 84. Ng5 Kc7 85. Nxf3 Kb7 86. Ne5 Bd2 87. Nc4 Bc3 88. Nd6+ Kc7 89. Kc5 Be5 90. Nc4 Bf4 91. b6+ Kb8 92. Kc6 1-0

[Event "Wch Rapid (Women)"]
[Site "Almaty"]
[Date "2022.12.27"]
[Round "5"]
[White "Balajayeva, Khanim Asad Qizi"]
[Black "Batsiashvili, Nino"]
[Result "0-1"]
[WhiteElo "2284"]
[BlackElo "2370"]
[PlyCount "128"]
[EventDate "2022.12.26"]
[EventType "swiss (rapid)"]
[EventRounds "11"]
[EventCountry "KAZ"]
[SourceTitle "CBM 211 Extra"]
[Source "ChessBase"]
[SourceDate "2023.01.31"]
[SourceVersion "1"]
[SourceVersionDate "2023.01.31"]
[SourceQuality "1"]

1. e4 e5 2. Nf3 Nc6 3. Nc3 Nf6 4. Bb5 d6 5. d4 exd4 6. Nxd4 Bd7 7. 0-0 Be7 8. Nxc6 Bxc6 9. Bxc6+ bxc6 10. b3 Nd7 11. Bb2 Bf6 12. Na4 0-0 13. Qd2 Bxb2 14. Nxb2 Re8 15. Rfe1 Nc5 16. f3 Ne6 17. Rad1 Qf6 18. Nc4 Nf4 19. Ne3 h5 20. Nf5 Qe5 21. Qd4 g6 22. Qxe5 Rxe5 23. Nd4 Rc5 24. Kf2 a5 25. a4 Ne6 26. Re2 Nxd4 27. Rxd4 Re5 28. Red2 Kg7 29. g3 Rae8 30. R4d3 c5 31. Rd5 Rxd5 32. Rxd5 Kf6 33. Ke3 Ke6 34. Kf4 Rb8 35. h4 c6 36. Rd3 Rb4 37. Rc3 f6 38. Rc4 Rb8 39. Rc3 Rg8 40. Rd3 g5+ 41. hxg5 fxg5+ 42. Ke3 h4 43. gxh4 gxh4 44. Rd2 d5 45. Rh2 Rh8 46. Kf4 Rf8+ 47. Kg4 Rg8+ 48. Kf4 Rf8+ 49. Kg4 Ke5 50. exd5 cxd5 51. Re2+ Kd4 52. Rd2+ Ke5 53. Re2+ Kd4 54. Rd2+ Kc3 55. Rxd5 Rc8 56. Kxh4 Kxc2 57. f4 Kxb3 58. f5 Kxa4 59. f6 c4 60. Kg5 c3 61. Rd4+ Kb3 62. Rd3 Kb2 63. Rd5 c2 64. Rb5+ Kc3 0-1